00338nam a2200145Ia 4500003000400000005001700004008004100021040000700062041000800069082002100077100001900098245002800117260003400145365001300179OSt20230608111936.0210423s2005 xx 000 0 und d cAL aeng a155.2 223bWALP aWALLARE (H R). aPeranality development. aPakistanbSouth Westernc2005 b321cINR